Equipes ayant battu la France en Coupe du Monde - Mort Subite - Statistiques

Statistiques générales
  • Ce quiz a été pris 103 fois
  • Le résultat moyen est 6 sur 16
Answers on the Grid
Answers color-coded by a green-red scale on the quiz's grid according to % correct below.
Argentine
Tunisie
Allemagne
Afrique du Sud
Mexique
Italie
Danemark
Sénégal
Allemaagne de l'Ouest
Pologne
Angleterre
Uruguay
Brésil
Yougoslavie
Autriche
Chili
Belgique
Croatie
Espagne
Etats-Unis
Tchécoslovaquie
Pays-Bas
Irlande
Islande
Panama
Suisse
Honduras
Maroc
Russie
Japon
Roumanie
Colombie
 
Statistiques - réponses
Réponse % Correct
Argentine
67%
Italie
64%
Allemagne
63%
Brésil
51%
Tunisie
43%
Afrique du Sud
41%
Allemaagne de l'Ouest
41%
Sénégal
39%
Angleterre
27%
Mexique
24%
Danemark
21%
Uruguay
21%
Yougoslavie
16%
Pologne
14%
Autriche
10%
Chili
6%
Aucun quiz correspondant
Distribution des résultats
% des personnes avec chaque résultat
Percentile par nombre de réponses
Votre historique - résultats
Vous n’avez pas pris ce quiz